000
00215nam a22000977a 4500
082
_a
891.4335ع ز ا
100
_a
عذرا سید
245
_a
رشتون کے سیراب
260
_a
راولپنڈی
942
_c
BK
999
_c
15094
_d
15094